Statistiken für Greifvögel in Deutschland

Klicken Sie hier um das Quiz zu spielen!

Allgemein

  • Dieses Quiz wurde 295 mal gespielt
  • Das Durchschnittsergebnis liegt bei 10 aus 20

Antwortstatistiken

HintAntwort% Korrekt
BussardeMäusebussard
84%
AdlerSteinadler
84%
FalkenTurmfalke
83%
AdlerSeeadler
80%
MilaneRotmilan
75%
FalkenWanderfalke
71%
HabichtartigeHabicht
69%
MilaneSchwarzmilan
59%
AdlerFischadler
49%
HabichtartigeSperber
48%
GeierGänsegeier
42%
GeierBartgeier
36%
WeihenRohrweihe
36%
FalkenBaumfalke
32%
BussardeWespenbussard
32%
WeihenWiesenweihe
30%
WeihenKornweihe
29%
AdlerSchreiadler
26%
AdlerSchlangenadler
21%
FalkenRotfußfalke
15%

Verteilung der Resultate

Perzentil nach korrekt beantworteten Fragen

Anzahl Personen mit jedem Resultat

Ihre Resultats-Entwicklung

Sie haben dieses Quiz noch nicht gespielt